000 nam a22 7a 4500
999 _c8073
_d8073
008 171127b xxu||||| |||| 00| 0 eng d
100 _aPrabhakar.A.
_94519
245 _aThe Mirror of Values
260 _aNew Delhi
_bGoyal Bro
_c2008